00350nam a2200121Ia 4500008004100000020002200041041000800063082002500071100001800096245006800114260003700182300000900219230314s9999 xx 000 0 und d a978-93-5270-678-5 aeng aAN/610.73/DEV/B09557 aJacob Annamma aComprehensive Textbook of Midwifery and Gynaecological Nursing  bJaypee BrothersaNew Delhic2019 a468p